000 00421nam a22001697a 4500
003 CEME
005 20210628205803.0
008 210316b xxu||||| |||| 00| 0 eng d
040 _c.
082 _a891.4391 ZAM
100 _aSyed Zameer Jafri Zameer Jafri, Syed
_977036
245 _aMafi-uz-zameer
260 _aLAHORE
_bFEROZE SONS
_c1995
300 _a184P
650 _aURDU ADAB-POETRY
_928226
942 _cBK
_2ddc
999 _c582353
_d582353